00806 2200325 4500001002100000005001500021035002000036007000300056008004100059020001800100082001100118084001600129100002200145245006800167260003100235300003600266650002000302700002500322700002000347990001200367990001200379990001100391990001200402990001100414990001100425990001100436990001100447990001100458990001100469INLIS00000000000202120180531092519 a0010-0518000091ta180531 g 0 ind  a9786023755066 a153.93 a153.93 SMA0 aSMART, Kuasai TPA1 aSmart Kuasai TPA /cTim Smart Nusantara; editor, Rubby Meihardi aJakarta :bGrasindo,c2016 aiv, 154 hlm. :bilus. ;c24 cm. aTES INTELEJENSI0 aTIM, Smart Nusantara0 aRUBBY, Meihardi a16758 a a16758 b a16758b a16758 a a16758a a16758b a16758b a16758a a16758a a16758b